Catholic University of Zimbabwe Library
Online Public Access Catalogue
(OPAC)

Professional tax handbook 2006/2007 (Record no. 10272)

MARC details
000 -LEADER
fixed length control field 00337 a2200097 4500
005 - DATE AND TIME OF LATEST TRANSACTION
control field 20191017173440.0
084 ## - OTHER CLASSIFICATION NUMBER
Classification number KD5423.99 .B87
245 ## - TITLE STATEMENT
Title Professional tax handbook 2006/2007
Medium print
260 ## - PUBLICATION, DISTRIBUTION, ETC.
Place of publication, distribution, etc. enk
Name of publisher, distributor, etc. Butterworths.
Date of publication, distribution, etc. 2006
500 ## - GENERAL NOTE
General note "Setting out the amended text of the Income Tax Acts, Corporation Tax Acts, and acts relating to Capital Gains."
650 ## - SUBJECT ADDED ENTRY--TOPICAL TERM
Topical term or geographic name entry element tax

No items available.

OPENING HOURS

Weekdays: 0815hrs - 1800hrs
Weekends:0900hrs - 1200hrs

Closed for Mass:

Mon, Thur: 1200hrs - 1300hrs
Sunday & Public Holiday’s

CALL SUPPORT

0242-570570, 0242-570169
09200664, +263 8644140602

LOCATION

18443, Cranborne Avenue, Hatfield, Harare

Other Links


©2021 | CUZ Library